000 00610nam a2200265Ia 4500
005 20250425161014.0
008 250425s9999 xx 000 0 und d
020 _a9681306511
041 _aspa
043 _amx
082 _a658.4
100 _aREDDIN, W.J.
245 0 _aEFECTIVIDAD GERENCIAL
250 _a1A ED.
260 _aMEXICO
260 _aMéxico
_bDIANA
_c1982
300 _a407
500 _aTítulo Traducido: MANAGERIAL EFFECTIVENESS
650 _aGERENCIA
650 _aGESTION
700 _aEDITH DEUTSCH
_etraductor
710 _aDIANA
942 _c01
010 _a10427
999 _c200537
_d200537